Fausto

Guardado en:
Bibliografiske detaljer
Hovedforfatter: Goethe, J. W.
Format: Bog
Sprog:Undetermined
Udgivet: Barcelona, España Bruguera 1984
Fag:
Tags: Tilføj Tag
Ingen Tags, Vær først til at tagge denne postø!

MARC

LEADER 00000nam a2200000Ia 4500
008 170316s9999 xx 000 0 und d
040 |a cru BVZT 
090 |a 830 G-4fa 
100 |a Goethe, J. W. 
245 |a Fausto 
260 |a Barcelona, España 
260 |b Bruguera 
260 |c 1984 
300 |a 249 páginas 
650 |a LITERATURA ALEMANA 
650 |a FAUSTO 
999 |c 7320  |d 7320 
942 |c 15 D  |h 830 G-4fa  |2 z